Як і ведеться в сусідів , у спільній історії Польщі та України мають місце і трагічні , й героїчні сторінки (Запис № 302004)

МАРК-запис
000 -Лідер
fixed length control field 00797nam a22001817a 4500
003 - Ідентифікатор контрольного номера
control field UA-OsUOA
001 - Контрольний номер
control field 15839
007 - Фіксоване поле фізичного опису
fixed length control field ta
008 - Елементи даних фіксованої довжини – загальна інформація
fixed length control field 20031209b un ||||| |||| 00| 0 ukr d
040 ## - Джерело каталогізації
Агенція оригінальної каталогізації UA-OsUOA
Агенція, яка здійснювала перезапис UA-OsUOA
Агенція, яка здійснювала модифікацію UA-OsUOA
100 ## - Основне введення – ім’я особи
Ім’я особи (НП) Тищенко О.
245 ## - Відомості про назву
Назва (НП) Як і ведеться в сусідів , у спільній історії Польщі та України мають місце і трагічні , й героїчні сторінки
Решта назви (НП) [Бесіда з проректором Рівнен.ін-ту слов'янознавства , д-ром філологіч. наук , проф. О.Тищенком]
300 ## - Фізичний опис
Обсяг С.5
650 #7 - Додаткове предметне введення – тематичний термін
Тематичний термін чи географічна назва, як елемент введення (НП) Історія
Джерело заголовка чи терміна UDC
773 0# - Введення хост-одиниці (П)
Контрольний номер запису (П) 0
Назва (НП) Сім днів
Місце, видавець та дата видання (НП) Рівне
-- 2003
Інформація про взаємозв’язок (П) №48/28 листоп./
942 ## - Додаткові елементи входу (Коха)
Тип елемента Koha Стаття періодики
955 ## - Код типу видання за змістом
Код типу видання за змістом (НП) інше

Немає доступних примірників.